000 00668nam a22002297a 4500
999 _c3981
_d3981
003 AR-CdUCM
008 190307b ||||| |||| 00| 0 spa d
040 _aMUNICIPALIDAD PROVINCIAL DEL CUSCO
_cBIBLIOTECA MUNICIPAL DEL CUSCO
041 _hfre
082 _212ed.
_a848.9 /
_bC24
100 _aCamus Albert
_99136
245 _aLa Peste /
260 _aBuenos Aires :
_bSur ;
_c1970.
300 _a239 páginas ;
_c17cm
440 _aColección Indice
_n3
_912721
505 _aContenido: Novela
650 _aNovela francesa
_92590
650 _aLiteratura francesa
_99529
700 _aChacel, Rosa (traducción)
_912722
942 _2ddc
_cLIBROS
945 _anom